000
00238nam a2200097Ia 4500
008
190216s9999||||xx |||||||||||||| ||und||
100
_a
Muttathu Varkey
245
0
_a
Rathrikalude Rathri
260
_b
National Book Stall
942
_c
BK
999
_c
30370
_d
30370